000
00330 a2200157 4500
001
47499
020
_a
9788562832116
040
_c
Anchieta - Aquarius
100
_a
Brasileiro, Jonar
240
1
0
_a
O bicho
_l
por
245
1
0
_a
O bicho
300
_a
40p.
362
0
_a
2009
650
4
_a
Literatura infanto-juvenil
942
_c
BK
999
_c
47499
_d
47499